[Event "Magistral Femenino Benasque"]
[Site "Benasque ESP"]
[Date "2005.07.11"]
[Round "6.4"]
[White "Repkova, Eva"]
[Black "Lujan, Maria Carolina"]
[Result "1/2-1/2"]
[WhiteElo "2348"]
[BlackElo "2323"]
[PlyCount "78"]
[EventDate "2005.07.06"]
[EventType "tourn"]
[EventRounds "9"]
[EventCountry "ESP"]
[Source "lmi"]
[SourceDate "2005.07.13"]

1. e4 c5 2. b3 b6 3. Bb2 Bb7 4. Nc3 e6 5. Nf3 a6 6. Bd3 Qc7 7. O-O Nc6 8. Re1
d6 9. a3 Nge7 10. Nh4 Ne5 11. Bf1 N7g6 12. Nxg6 Nxg6 13. d4 Be7 14. d5 e5 15.
Ne2 O-O 16. Ng3 Bc8 17. Nf5 Nh4 18. Bd3 b5 19. Qe2 Nxf5 20. exf5 c4 21. Be4 Bf6
22. a4 Bd7 23. a5 Rfc8 24. Ba3 Qxa5 25. Bxd6 Qb6 26. Ba3 b4 27. Bb2 Bb5 28. Qf3
Qd6 29. Qg3 a5 30. Bf3 c3 31. Bc1 a4 32. bxa4 Rxa4 33. Rxa4 Bxa4 34. Be4 Rc4
35. Qe3 Bb5 36. Qf3 Rc8 37. Qh5 Rc4 38. Qf3 Rc8 39. Qh5 Rc4 1/2-1/2

[Event "Magistral Femenino Benasque"]
[Site "Benasque ESP"]
[Date "2005.07.10"]
[Round "6.5"]
[White "Djingarova, Emilia"]
[Black "Bellin, Jana"]
[Result "1-0"]
[WhiteElo "2277"]
[BlackElo "2169"]
[PlyCount "51"]
[EventDate "2005.07.06"]
[EventType "tourn"]
[EventRounds "9"]
[EventCountry "ESP"]
[Source "lmi"]
[SourceDate "2005.07.13"]

1. e4 c5 2. Nf3 e6 3. d4 cxd4 4. Nxd4 a6 5. Nc3 Qc7 6. Be2 b5 7. O-O Be7 8. Re1
Nc6 9. Nxc6 dxc6 10. e5 Bb4 11. a4 Ne7 12. Bd2 Bxc3 13. Bxc3 Nd5 14. Bd3 b4 15.
Bd2 c5 16. Qg4 Kf8 17. c3 h5 18. Qh4 bxc3 19. bxc3 Qd8 20. Bg5 f6 21. exf6 gxf6
22. Bd2 Kf7 23. Qe4 Rg8 24. Qh7+ Rg7 25. Bg6+ Kf8 26. Bh6 1-0